UBT Library

Pediatric cardiology (Record no. 46999)

000 -LEADER
fixed length control field 00559cam a2200217 4500
001 - CONTROL NUMBER
control field 4128024
005 - DATE AND TIME OF LATEST TRANSACTION
control field 20180810052802.0
008 - FIXED-LENGTH DATA ELEMENTS--GENERAL INFORMATION
fixed length control field 720828s1972 paua b 001 0 eng
010 ## - LIBRARY OF CONGRESS CONTROL NUMBER
LC control number 76176213
020 ## - INTERNATIONAL STANDARD BOOK NUMBER
International Standard Book Number 0721666515
040 ## - CATALOGING SOURCE
Original cataloging agency DLC
Transcribing agency DLC
Modifying agency DLC
041 ## - LANGUAGE CODE
Language code of text/sound track or separate title eng
080 ## - UNIVERSAL DECIMAL CLASSIFICATION NUMBER
Universal Decimal Classification number 618.9212
082 00 - DEWEY DECIMAL CLASSIFICATION NUMBER
Classification number 618.9212
100 1# - Rafti
Rafti 7
101 ## - Shkurtesa
Shkurtesa PED
245 00 - TITLE STATEMENT
Title Pediatric cardiology
Statement of responsibility, etc [by] Alexander S. Nadas [and] Donald C. Fyler.
504 ## - BIBLIOGRAPHY, ETC. NOTE
Bibliography, etc Bibliography: p. 691-725.
906 ## - LOCAL DATA ELEMENT F, LDF (RLIN)
a 7
b cbc
c orignew
d 2
e ncip
f 19
g y-gencatlg
942 ## - ADDED ENTRY ELEMENTS (KOHA)
Source of classification or shelving scheme
Item type Books
Holdings
Withdrawn status Lost status Source of classification or shelving scheme Damaged status Not for loan Collection code Permanent location Current location Shelving location Date acquired Total Checkouts Full call number Barcode Date last seen Price effective from Koha item type
          Koleksioni i përgjithshem UBT - Lipjan UBT - Lipjan Koleksioni i përgjithshem 08/10/2018   618.9212 ALE 002-3010766 08/10/2018 08/10/2018 Books
UBT Library © 2015-2024. All rights reserved University Education for Business and Technology